| 000 | 00721nam a2200253Ia 4500 | ||
|---|---|---|---|
| 003 | OSt | ||
| 005 | 20220927105349.0 | ||
| 006 | a|||||r|||| 00| 0 | ||
| 007 | ta | ||
| 008 | 220926b |||||||| |||| 00| 0 eng d | ||
| 024 | _a168341 | ||
| 037 | _cReference Collections | ||
| 040 |
_aRTL _cRTL _beng |
||
| 041 |
_2eng _aeng |
||
| 082 | _a"X9(H1).2.Ps, P6/GD" | ||
| 110 |
_a"INDIA, MINES (Bureau of )" _9371954 |
||
| 245 | 0 | _aStatistical profiles of minerals 2004-05 | |
| 260 | _c2006 | ||
| 300 |
_a102p _ccm. |
||
| 650 |
_aINDIAN MINES _9371955 |
||
| 700 |
_a"INDIA, MINES (Bureau of )" _9355701 |
||
| 942 |
_h"X9(H1).2.Ps, P6/GD" _cCC |
||
| 999 |
_c692113 _d692113 |
||